|
|
|
|
| LEADER |
01889cam a2200397 7i4500 |
| 001 |
0000051076 |
| 005 |
20170207090000.0 |
| 020 |
|
|
|a 9789670184098 (pbk.)
|
| 090 |
0 |
0 |
|a CT1568
|b .A99 2011
|
| 100 |
0 |
|
|a Azwan Ali
|
| 245 |
1 |
0 |
|a Selamat jalan dunia... :
|b luahan rasa perjalanan hidup kontroversi Awan Ali
|c Azwan Ali.
|
| 260 |
|
|
|a Shah Alam, Selangor:
|b Grup Buku Karangkraf Sdn. Bhd.,
|c 2011.
|
| 300 |
|
|
|a 176 p.:
|b col. ill.;
|c 21 cm.
|
| 500 |
|
|
|a Gift: Grup Buku Karangkraf
|
| 650 |
0 |
0 |
|a Celebrities --
|z Malaysia
|
| 650 |
0 |
0 |
|a Celebrities --
|z Malaysia
|
| 999 |
|
|
|a 0000056982
|b BOK
|c OPEN SHELF
|e 1st Floor, Bestari Jaya
|
| 999 |
|
|
|a 0000056983
|b BOK
|c OPEN SHELF
|e 1st Floor, Bestari Jaya
|
| 999 |
|
|
|a 0000056984
|b BOK
|c OPEN SHELF
|e 1st Floor, Bestari Jaya
|
| 999 |
|
|
|a 0000056985
|b BOK
|c OPEN SHELF
|e 1st Floor, Bestari Jaya
|
| 999 |
|
|
|a 0000056986
|b BOK
|c OPEN SHELF
|e 1st Floor, Bestari Jaya
|
| 999 |
|
|
|a 0000056987
|b BOK
|c OPEN SHELF
|e 1st Floor, Bestari Jaya
|
| 999 |
|
|
|a 0000056988
|b BOK
|c OPEN SHELF
|e 1st Floor, Bestari Jaya
|
| 999 |
|
|
|a 0000056989
|b BOK
|c OPEN SHELF
|e 1st Floor, Bestari Jaya
|
| 999 |
|
|
|a 0000056990
|b BOK
|c OPEN SHELF
|e 1st Floor, Bestari Jaya
|
| 999 |
|
|
|a 0000056991
|b BOK
|c OPEN SHELF
|e 1st Floor, Bestari Jaya
|
| 999 |
|
|
|a 0000056992
|b BOK
|c OPEN SHELF
|e 1st Floor, Shah Alam
|
| 999 |
|
|
|a 0000056993
|b BOK
|c OPEN SHELF
|e 1st Floor, Shah Alam
|
| 999 |
|
|
|a 0000056994
|b BOK
|c OPEN SHELF
|e 1st Floor, Shah Alam
|
| 999 |
|
|
|a 0000056995
|b BOK
|c OPEN SHELF
|e 1st Floor, Shah Alam
|
| 999 |
|
|
|a 0000056996
|b BOK
|c OPEN SHELF
|e 1st Floor, Shah Alam
|
| 999 |
|
|
|a 0000056997
|b BOK
|c OPEN SHELF
|e 1st Floor, Shah Alam
|
| 999 |
|
|
|a 0000056998
|b BOK
|c OPEN SHELF
|e 1st Floor, Shah Alam
|
| 999 |
|
|
|a 0000056999
|b BOK
|c OPEN SHELF
|e 1st Floor, Shah Alam
|
| 999 |
|
|
|a 0000057000
|b BOK
|c OPEN SHELF
|e 1st Floor, Shah Alam
|
| 999 |
|
|
|a 0000060889
|b BOK
|c OPEN SHELF
|e 1st Floor, Shah Alam
|